[Event "IND-chT 44th"]
[Site "Ahmedabad"]
[Date "2025.03.06"]
[Round "3.1"]
[White "Aaradhya, Jain"]
[Black "Mahindrakar, Indrajeet"]
[Result "1/2-1/2"]
[WhiteElo "1820"]
[BlackElo "2145"]
[PlyCount "175"]
[EventDate "2025.03.05"]
[EventType "team-swiss"]
[EventRounds "9"]
[EventCountry "IND"]
[SourceTitle "CB12_2025"]
[SourceDate "2025.03.19"]
[SourceVersion "1"]
[SourceVersionDate "2025.03.19"]
[SourceQuality "1"]
[WhiteTeam "Gujarat II"]
[BlackTeam "Maharashtra II"]
[WhiteTeamCountry "IND"]
[BlackTeamCountry "IND"]

1. d4 Nf6 2. c4 Nc6 3. Nf3 e6 4. Nc3 d6 5. e4 g6 6. Be2 Bg7 7. 0-0 0-0 8. h3 Nd7 9. Be3 e5 10. d5 Ne7 11. Ne1 f5 12. Bg5 h6 13. Bxe7 Qxe7 14. b4 Nf6 15. Qc2 a5 16. b5 b6 17. Bd3 Nh5 18. Ne2 Bd7 19. Nf3 f4 20. Rfe1 g5 21. Kf1 Rf6 22. Neg1 Rg6 23. Nh2 Nf6 24. Re2 h5 25. f3 g4 26. hxg4 hxg4 27. Ke1 Kf7 28. fxg4 Rh8 29. g5 Rxg5 30. Ngf3 Rg6 31. Kd2 Kg8 32. Rg1 Bg4 33. Qd1 Rhh6 34. Qe1 Nh5 35. Nh4 Bxe2 36. Nxg6 Rxg6 37. Bxe2 Nf6 38. Bf3 Bh6 39. Kc2 Nd7 40. Ng4 Bg5 41. Rh1 Nc5 42. Rh5 Rg7 43. Qh1 Rh7 44. Rxh7 Qxh7 45. Qxh7+ Kxh7 46. Nf2 Kg6 47. Nd3 Nd7 48. Kd2 Bh4 49. Ke2 Kg5 50. Kf1 Bg3 51. Ke2 Kh4 52. Kf1 Nf6 53. Ke2 Bh2 54. Kf2 Kg5 55. Kf1 Bg3 56. Ke2 Bh4 57. Nc1 Ng4 58. Kd3 Ne3 59. Ne2 Be1 60. g3 Nd1 61. gxf4+ exf4 62. Nd4 Nb2+ 63. Ke2 Bb4 64. Ne6+ Kf6 65. Nxf4 Nxc4 66. Ne6 Ke5 67. Kd3 Nb2+ 68. Kc2 Nc4 69. Kd3 Nb2+ 70. Kc2 Na4 71. Kb3 Nc5+ 72. Nxc5 Bxc5 73. Kc4 Kf4 74. Bh5 Ke3 75. a4 Kxe4 76. Be8 Ke3 77. Bc6 Kd2 78. Kb3 Kd3 79. Ba8 Bf2 80. Bc6 Kd4 81. Ba8 Be1 82. Bc6 Bh4 83. Ba8 Bg5 84. Bc6 Bd8 85. Ba8 c5 86. dxc6 Bc7 87. Bb7 d5 88. Bc8 1/2-1/2

[Event "Udaipur Kingdom of Chess op 1st"]
[Site "Udaipur"]
[Date "2024.10.27"]
[Round "9"]
[White "Om, Nagnath Lamkane"]
[Black "Aaradhya, Jain"]
[Result "1-0"]
[WhiteElo "1910"]
[BlackElo "1772"]
[PlyCount "67"]
[EventDate "2024.10.23"]
[EventType "swiss"]
[EventRounds "9"]
[EventCountry "IND"]
[SourceTitle "CB44_2024"]
[Source "Chessbase"]
[SourceDate "2024.10.30"]
[SourceVersion "1"]
[SourceVersionDate "2024.10.30"]
[SourceQuality "1"]

1. e4 e6 2. Nc3 d5 3. Nf3 Nf6 4. Qe2 dxe4 5. Nxe4 Nbd7 6. Nxf6+ Nxf6 7. d4 Be7 8. g3 0-0 9. Bg2 c5 10. dxc5 Bxc5 11. 0-0 Qb6 12. c3 a5 13. Bg5 Nd5 14. Rad1 h6 15. Bc1 Bd7 16. Ne5 Ba4 17. Rd3 Nf6 18. b3 Bc6 19. Bxc6 bxc6 20. Qf3 Qc7 21. Re1 Nd5 22. c4 Ne7 23. Nd7 Bb4 24. Red1 Ng6 25. a3 Be7 26. Nxf8 Ne5 27. Qe4 Bxf8 28. Bf4 f6 29. Bxe5 fxe5 30. Rd7 Qb6 31. Qg6 Kh8 32. Rf7 Rd8 33. Rdd7 Rxd7 34. Rxf8# 1-0